| 000 | 00544nam a22001937a 4500 | ||
|---|---|---|---|
| 999 |
_c7597 _d7597 |
||
| 003 | OSt | ||
| 005 | 20220113161909.0 | ||
| 008 | 220113b ||||| |||| 00| 0 eng d | ||
| 020 | _a0521543428 | ||
| 040 | _cDDC | ||
| 082 | _a530.416ALL 1993 | ||
| 100 |
_aAllnnatt,A.R;Lidiard,A.B; _915527 |
||
| 245 | _aAtomic transport in Solids. | ||
| 260 |
_aUK, _bCambridge University Press. _c1993. |
||
| 300 |
_axiii,572p; _bcol,ill; _c26cm. |
||
| 504 | _aappendix, references and index are included. | ||
| 650 |
_aChemistry _9797 |
||
| 942 |
_2ddc _cO_SHELF |
||